[Event "Titled Tuesday intern op 04th May"]
[Site "Chess.com INT"]
[Date "2021.05.04"]
[Round "1"]
[White "Dimic, Pavle"]
[Black "Marcinczyk, Monika"]
[Result "1-0"]
[WhiteElo "2347"]
[BlackElo "2012"]
[PlyCount "63"]
[EventDate "2021.05.04"]
[EventType "swiss (blitz)"]
[EventRounds "11"]
[EventCountry "USA"]
[SourceTitle "CBM 202 Extra"]
[Source "ChessBase"]
[SourceDate "2021.07.31"]
[SourceVersion "1"]
[SourceVersionDate "2021.07.31"]
[SourceQuality "1"]

1. d4 d5 2. c4 e6 3. Nc3 Nf6 4. Nf3 Be7 5. Bg5 0-0 6. e3 Nbd7 7. Rc1 Re8 8. Qc2 c5 9. cxd5 exd5 10. Bd3 h6 11. Bh4 cxd4 12. Nxd4 Ne5 13. 0-0 Nxd3 14. Qxd3 Be6 15. Rfd1 Qb6 16. Nb3 Red8 17. Na4 Qb4 18. Qd4 b5 19. Nac5 Qxd4 20. Nxd4 a6 21. Ncxe6 fxe6 22. Nxe6 Rd6 23. Nd4 Rad8 24. Rc7 Bf8 25. h3 Re8 26. Nf5 Rde6 27. Nd4 Re4 28. Bxf6 gxf6 29. Rdc1 R8e7 30. Rxe7 Bxe7 31. Rc6 a5 32. Kf1 1-0

[Event "Titled Tuesday intern op 04th May"]
[Site "Chess.com INT"]
[Date "2021.05.04"]
[Round "7"]
[White "Dimic, Pavle"]
[Black "Sviridova, Vlada"]
[Result "1/2-1/2"]
[WhiteElo "2347"]
[BlackElo "2144"]
[PlyCount "135"]
[EventDate "2021.05.04"]
[EventType "swiss (blitz)"]
[EventRounds "11"]
[EventCountry "USA"]
[SourceTitle "CBM 202 Extra"]
[Source "ChessBase"]
[SourceDate "2021.07.31"]
[SourceVersion "1"]
[SourceVersionDate "2021.07.31"]
[SourceQuality "1"]

1. d4 d5 2. c4 c6 3. Nc3 Nf6 4. e3 e6 5. Nf3 Nbd7 6. Bd3 dxc4 7. Bxc4 b5 8. Be2 Bd6 9. 0-0 0-0 10. e4 e5 11. Bg5 h6 12. Bh4 exd4 13. Nxd4 Qc7 14. Bg3 Bxg3 15. hxg3 b4 16. Na4 c5 17. Nf5 Nxe4 18. Bf3 Bb7 19. Qc2 Ndf6 20. Rac1 Qe5 21. g4 g6 22. Ne3 Rac8 23. Nc4 Qf4 24. Qe2 Rfe8 25. g3 Nxg3 26. fxg3 Qd4+ 27. Qf2 Bxf3 28. Qxd4 cxd4 29. Rxf3 Nxg4 30. b3 Ne3 31. Nab2 f5 32. Nd3 a5 33. Nxe3 dxe3 34. Rxc8 Rxc8 35. Rxe3 Rc2 36. Re6 Kf7 37. Ra6 Rxa2 38. Ne5+ Ke8 39. Nxg6 a4 40. bxa4 b3 41. Rb6 b2 42. Nh4 Ra1+ 43. Kg2 b1Q 44. Rxb1 Rxb1 45. Nxf5 h5 46. Ng7+ Kf7 47. Nxh5 Ra1 48. Nf4 Rxa4 49. Kf3 Kf6 50. Kg4 Rb4 51. Kf3 Rb3+ 52. Kg4 Ra3 53. Nh3 Kg6 54. Nf4+ Kf6 55. Nh5+ Kg6 56. Kh4 Kh7 57. g4 Kg6 58. Nf4+ Kf7 59. Nh3 Ra4 60. Ng5+ Kg6 61. Nf3 Ra3 62. Ne5+ Kf6 63. Nc4 Rc3 64. Nd2 Rd3 65. Ne4+ Kg6 66. Nf2 Rd2 67. Nh3 Rh2 68. Kg3 1/2-1/2

[Event "Titled Tuesday intern op 04th May"]
[Site "Chess.com INT"]
[Date "2021.05.04"]
[Round "6"]
[White "Matinian, Nikita"]
[Black "Dimic, Pavle"]
[Result "1-0"]
[WhiteElo "2462"]
[BlackElo "2347"]
[PlyCount "53"]
[EventDate "2021.05.04"]
[EventType "swiss (blitz)"]
[EventRounds "11"]
[EventCountry "USA"]
[SourceTitle "CBM 202 Extra"]
[Source "ChessBase"]
[SourceDate "2021.07.31"]
[SourceVersion "1"]
[SourceVersionDate "2021.07.31"]
[SourceQuality "1"]

1. e4 c5 2. Nc3 Nc6 3. Bb5 Nd4 4. Nf3 Nxb5 5. Nxb5 a6 6. Nc3 e6 7. 0-0 b5 8. d4 cxd4 9. Qxd4 d6 10. Bg5 Qc7 11. Rad1 Bb7 12. Rfe1 h6 13. Bh4 Rc8 14. Bg3 e5 15. Nxe5 dxe5 16. Bxe5 Bc5 17. Nd5 Bxd5 18. Qxd5 Qe7 19. Bxg7 Rh7 20. Bc3 h5 21. e5 Qe6 22. Qb7 h4 23. Rd6 Qf5 24. e6 Ne7 25. Qd7+ Kf8 26. Qd8+ Rxd8 27. Rxd8# 1-0

[Event "Titled Tuesday intern op 13th Apr"]
[Site "Chess.com INT"]
[Date "2021.04.13"]
[Round "2"]
[White "Mitrabha, Guha"]
[Black "Dimic, Pavle"]
[Result "1-0"]
[WhiteElo "2467"]
[BlackElo "2347"]
[PlyCount "59"]
[EventDate "2021.04.13"]
[EventType "swiss (blitz)"]
[EventRounds "11"]
[EventCountry "USA"]
[SourceTitle "CBM 201 Extra"]
[Source "ChessBase"]
[SourceDate "2021.05.31"]
[SourceVersion "1"]
[SourceVersionDate "2021.05.31"]
[SourceQuality "1"]

1. d4 Nf6 2. c4 g6 3. g3 Bg7 4. Bg2 0-0 5. Nc3 d6 6. Nf3 c6 7. 0-0 Bf5 8. Ne1 Be6 9. b3 d5 10. c5 b6 11. Nd3 Bf5 12. Ba3 b5 13. Bc1 a5 14. Bf4 Ne4 15. Nxe4 Bxe4 16. Be5 f6 17. Bxb8 Rxb8 18. Bxe4 dxe4 19. Nf4 Qd7 20. d5 cxd5 21. Qxd5+ Qxd5 22. Nxd5 Kf7 23. Rac1 e6 24. Nb6 f5 25. Nd7 Rfc8 26. Nxb8 Rxb8 27. Rfd1 Ke7 28. c6 Rd8 29. Rxd8 Kxd8 30. Rd1+ 1-0

[Event "Belgrade-chT Quality"]
[Site "Belgrade"]
[Date "2020.10.25"]
[Round "6.1"]
[White "Dimic, Pavle"]
[Black "Bozovic, Vladimir"]
[Result "1/2-1/2"]
[WhiteElo "2356"]
[BlackElo "2203"]
[PlyCount "43"]
[EventDate "2020.10.09"]
[EventType "team-tourn"]
[EventRounds "9"]
[EventCountry "SRB"]
[SourceTitle "EXT 2022"]
[Source "ChessBase"]
[SourceDate "2021.10.06"]
[SourceVersion "1"]
[SourceVersionDate "2021.10.06"]
[SourceQuality "1"]
[WhiteTeam "Belgrade Napredak"]
[BlackTeam "Belgrade Teleoptik"]
[WhiteTeamCountry "SRB"]
[BlackTeamCountry "SRB"]

1. d4 g6 2. c4 Bg7 3. Nf3 Nf6 4. g3 0-0 5. Bg2 d6 6. 0-0 Nc6 7. Nc3 e5 8. dxe5 Nxe5 9. Nxe5 dxe5 10. Qxd8 Rxd8 11. Bg5 Rd7 12. Na4 h6 13. Be3 Ng4 14. Bc5 f5 15. Bd5+ Kh7 16. Ba3 c6 17. Bf3 Nf6 18. Rad1 e4 19. Bg2 Rxd1 20. Rxd1 Be6 21. b3 b5 22. cxb5 1/2-1/2

[Event "Belgrade-chT Quality"]
[Site "Belgrade"]
[Date "2020.10.11"]
[Round "3.1"]
[White "Petrekanovic, Miroslav"]
[Black "Dimic, Pavle"]
[Result "0-1"]
[WhiteElo "2155"]
[BlackElo "2356"]
[PlyCount "72"]
[EventDate "2020.10.09"]
[EventType "team-tourn"]
[EventRounds "9"]
[EventCountry "SRB"]
[SourceTitle "EXT 2022"]
[Source "ChessBase"]
[SourceDate "2021.10.06"]
[SourceVersion "1"]
[SourceVersionDate "2021.10.06"]
[SourceQuality "1"]
[WhiteTeam "Belgrade Banjica"]
[BlackTeam "Belgrade Napredak"]
[WhiteTeamCountry "SRB"]
[BlackTeamCountry "SRB"]

1. d4 Nf6 2. Nc3 d5 3. Bf4 c5 4. e3 cxd4 5. exd4 a6 6. Nf3 Nc6 7. a3 e6 8. Bd3 Be7 9. 0-0 Bd7 10. Ne2 Nh5 11. Ne5 Nxf4 12. Nxf4 Nxe5 13. dxe5 g6 14. Qg4 Qb6 15. Ne2 Qxb2 16. Rab1 Qxe5 17. Rxb7 Bc5 18. Qf3 f5 19. Qf4 Qxf4 20. Nxf4 Ke7 21. Rfb1 Kd6 22. c4 d4 23. Bf1 Bc6 24. Rf7 Raf8 25. Rg7 Rb8 26. Re1 e5 27. Nxg6 hxg6 28. Rxg6+ Kc7 29. Rxe5 Bd6 30. Ree6 Bxh2+ 31. Kh1 Bf4+ 32. Kg1 Bh2+ 33. Kh1 Bf4+ 34. Kg1 Be4 35. Bd3 Bxd3 36. g3 Rb1+ 0-1

[Event "SRB-chT Premier"]
[Site "Ruma"]
[Date "2020.10.01"]
[Round "9.6"]
[White "Lazic, Miroljub"]
[Black "Dimic, Pavle"]
[Result "1/2-1/2"]
[WhiteElo "2414"]
[BlackElo "2356"]
[PlyCount "47"]
[EventDate "2020.09.25"]
[EventType "team-tourn"]
[EventRounds "11"]
[EventCountry "SRB"]
[SourceTitle "CBM 198 Extra"]
[Source "ChessBase"]
[SourceDate "2020.11.30"]
[SourceVersion "1"]
[SourceVersionDate "2020.11.30"]
[SourceQuality "1"]
[WhiteTeam "Ruma Sloven"]
[BlackTeam "Elemir Naftagas"]
[WhiteTeamCountry "SRB"]
[BlackTeamCountry "SRB"]

1. g3 g6 2. Bg2 Bg7 3. d4 Nf6 4. e4 d6 5. Nc3 0-0 6. h3 e5 7. Nge2 Bd7 8. 0-0 exd4 9. Nxd4 Nc6 10. Be3 Re8 11. Re1 a6 12. Nxc6 bxc6 13. Qd2 Rb8 14. b3 Qc8 15. g4 h5 16. g5 Nh7 17. Kh2 c5 18. Rad1 Bc6 19. f3 Qb7 20. h4 Qb4 21. Nd5 Bxd5 22. Qxb4 Rxb4 23. Rxd5 Nf8 24. Rdd1 1/2-1/2